Witness is withness. (Record no. 13161)

000 -LEADER
fixed length control field 00538nam a2200181 a 4500
001 - CONTROL NUMBER
control field :::00010979$&:&@@
003 - CONTROL NUMBER IDENTIFIER
control field OkBaRHE
005 - DATE AND TIME OF LATEST TRANSACTION
control field 20000607103404.0
008 - FIXED-LENGTH DATA ELEMENTS--GENERAL INFORMATION
fixed length control field s1971 j 000 0 eng u
040 ## - CATALOGING SOURCE
Transcribing agency
100 1# - MAIN ENTRY--PERSONAL NAME
Personal name Augsburger, David W.
245 10 - TITLE STATEMENT
Title Witness is withness.
260 ## - PUBLICATION, DISTRIBUTION, ETC. (IMPRINT)
Place of publication, distribution, etc Chicago, IL., :
Name of publisher, distributor, etc Moody Press
Date of publication, distribution, etc c1971
300 ## - PHYSICAL DESCRIPTION
Extent 127 p. ;
Dimensions 17 cm.
650 ## - SUBJECT ADDED ENTRY--TOPICAL TERM
Topical term or geographic name as entry element Witness Bearing (Christianity)
942 ## - ADDED ENTRY ELEMENTS (KOHA)
Source of classification or shelving scheme
Koha item type Books
Copies
Date acquired Copy number Withdrawn status Koha item type Full call number Damaged status Shelving location Permanent Location Source of classification or shelving scheme Barcode Lost status Not for loan Price effective from Date last seen
2010-04-141 BooksBV 4520 .A9 General StacksRHEMA Bible Training College 10979  2010-04-142010-04-14